Statistiques concernant FC Barcelone - UEFA Champions League

Cliquez ici pour prendre le quiz!

Statistiques générales

  • Ce quiz a été pris 472 fois
  • Le résultat moyen est 24 sur 36

Statistiques - réponses

HintRéponse% Correct
Meilleur buteur (120 buts)Lionel Messi
100%
Buteur (2-1)Lionel Messi
100%
Plus capé (149 matchs)Lionel Messi
100%
Buteur (2-0)Lionel Messi
100%
Meilleur buteur (25 buts)Luis Suárez
96%
Buteur (2-1)Luis Suárez
96%
Meilleur buteur (21 buts)Neymar
96%
Plus capé (132 matchs)Andres Iniesta
92%
Plus capé (157 matchs)Xavi Hernández
91%
Adversaire finalManchester United
79%
Adversaire finalManchester United
79%
Adversaire finalJuventus
76%
Plus capé (129 matchs)Sergio Busquets
73%
Score3-1
72%
Score3-1
72%
Plus capé (126 matchs)Gerard Piqué
72%
Buteur (1-1)Samuel Eto'o
71%
Buteur (1-0)Samuel Eto'o
71%
Score2-0
70%
Buteur (1-0)Ivan Rakitic
69%
Buteur (3-1)David Villa
68%
Score2-1
66%
Buteur (1-0)Pedro Rodríguez
64%
Buteur (3-1)Pedro Rodríguez
64%
Adversaire finalArsenal
63%
Score1-0
60%
4ème Victoire finale2010/11
42%
5ème Victoire finale2014/15
41%
ButeurRonald Koeman
39%
3ème Victoire finale2008/09
38%
2ème Victoire finale2005/06
37%
1ère Victoire finale1991/92
32%
Meilleur buteur (25 buts)Rivaldo
25%
Adversaire finalSampdoria
22%
Buteur (2-1)Juliano Belletti
13%
Meilleur buteur (21 buts)Patrick Kluivert
8%

Distribution des résultats

Percentile par nombre de réponses

% des personnes avec chaque résultat

Votre développement - résultats

Vous n’avez pas pris ce quiz